| 000 | 00470nam a22001937a 4500 | ||
|---|---|---|---|
| 003 | ASAB | ||
| 005 | 20180827062627.0 | ||
| 008 | 160408t xxu||||| |||| 00| 0 eng d | ||
| 020 | _a978-81-315-1055-1 | ||
| 040 | _cASAB | ||
| 082 | _2 574.1 | ||
| 100 |
_aMary K. Campbell _91760 |
||
| 210 |
_2intro _bbiochem |
||
| 222 | _abiochemistry | ||
| 245 | _aIntroduction to biochemistry | ||
| 246 | _aintroduction to biochemistry | ||
| 300 | _a778 P. | ||
| 942 |
_2ddc _cBK |
||
| 999 |
_c480060 _d480060 |
||